|
|
|
|
| LEADER |
00000nam a22000007a 4500 |
| 005 |
20130729153740.0 |
| 007 |
cr|||| |||| |
| 008 |
130729s2012 ar |||||s|||| 00| 0 spa d |
| 020 |
|
|
|a 978-987-643-084-5
|
| 035 |
|
|
|a 11368
|
| 040 |
|
|
|a vLex
|
| 090 |
|
|
|c 4462
|d 4462
|
| 100 |
1 |
|
|a Alvarez, Norma Beatriz
|
| 245 |
1 |
3 |
|a El Derecho de los Trabajadores en la Ley de Concursos Ley Nð 26.684
|h [Recurso electrn̤ico] /
|c Norma Beatriz Alvarez, Jose Vicente M. Ostoich
|
| 256 |
|
|
|a Servicio en ln̕ea
|
| 260 |
|
|
|a Ciudad de Cr̤doba :
|b Alveroni Ediciones,
|c 2012
|
| 300 |
|
|
|a 1 recurso electrn̤ico
|
| 506 |
1 |
|
|a Contenido solo disponible en los productos indicados
|d vLex Global
|d vLex Global (Academic Edition, excluding Law Schools)
|d vLex Global (U.S. Academic Edition, Law Schools)
|d vLex Global (U.S. Academic Edition, excluding Law Schools)
|d vLex Global (Academic Edition, Law Schools)
|
| 650 |
0 |
4 |
|a Derecho laboral
|z Argentina
|
| 650 |
0 |
4 |
|a Trabajadores
|z Argentina
|
| 740 |
0 |
|
|a vLex Libros (Servicio en ln̕ea)
|
| 856 |
4 |
0 |
|u http://vlex.com/source/derecho-de-los-trabajadores-en-la-ley-de-concursos-ley-n-26-684-11368
|z Acceso restringido
|
| 942 |
|
|
|c BOOK
|